000 00418nam a2200205Ia 4500
001 000916
003 YMCAF
005 20230512160040.0
008 100717s1971 ||||||||||||||||| ||und|d
024 _a916
035 _a898
040 _aYMCAF
_beng
_cIN-KoLT
041 _aeng
082 _aFUN-DEI
100 _aDEIGHTON LEN
245 0 _aFUNGRAL IN BERLIN
260 _c1971
300 _a256
942 _2ddc
_cBK
999 _c723
_d723